Taxation's income-tax rules, 1962 / (Record no. 66452)

MARC details
000 -LEADER
fixed length control field 00541nam a22001577a 4500
005 - DATE AND TIME OF LATEST TRANSACTION
control field 20120510154847.0
020 ## - INTERNATIONAL STANDARD BOOK NUMBER
Terms of availability 350.00
035 ## - SYSTEM CONTROL NUMBER
System control number B-29883
037 ## - SOURCE OF ACQUISITION
Stock number DPL
Source of stock number/acquisition ENG
245 ## - TITLE STATEMENT
Title Taxation's income-tax rules, 1962 /
Statement of responsibility, etc edited by O.C. Tandon
260 ## - PUBLICATION, DISTRIBUTION, ETC. (IMPRINT)
Place of publication, distribution, etc New Delhi
Name of publisher, distributor, etc B.B. Bhargava
Date of publication, distribution, etc 2000
300 ## - PHYSICAL DESCRIPTION
Extent various pages
Dimensions 20 cms.
700 ## - ADDED ENTRY--PERSONAL NAME
Personal name Tandon, O.C.
9 (RLIN) 46860
942 ## - ADDED ENTRY ELEMENTS (KOHA)
Source of classification or shelving scheme Dewey Decimal Classification
Item type English Books
Classification part 336.24
Call number suffix TAX
Holdings
Withdrawn status Lost status Not for loan Collection code Home library Current library Date acquired Cost, normal purchase price Full call number Barcode Cost, replacement price Koha item type
      Non-fiction Sarojini Nagar Sarojini Nagar 10/05/2012 350.00 336.24 TAX B-29883 350.00 English Books

© Delhi Public Library
Hit Counter
free hit counter